| 000 -CABECERA |
| Longitud fija campo de control |
00737nam a2200241 a 4500 |
| 001 - NÚMERO DE CONTROL |
| Número de control |
718 |
| 003 - IDENTIFICADOR DEL NÚMERO DE CONTROL |
| Identificador del número de control |
CDMR |
| 005 - FECHA Y HORA DE LA ÚLTIMA TRANSACCIÓN |
| Fecha y hora de la última transacción |
20131106103437.0 |
| 008 - CÓDIGOS DE INFORMACIÓN DE LONGITUD FIJA |
| Códigos de información de longitud fija |
130130s1991||||||||||||||||||||||||||||d |
| 020 ## - NÚMERO INTERNACIONAL NORMALIZADO PARA LIBROS |
| Número Internacional Normalizado para Libros (ISBN) |
8486491509 |
| 040 ## - FUENTE DE LA CATALOGACIÓN |
| Centro catalogador de origen |
CDMR |
| Lengua de catalogación |
cat |
| Centro transcriptor |
CDMR |
| 100 1# - PUNTO DE ACCESO PRINCIPAL-NOMBRE DE PERSONA |
| Nombre de persona |
Calders, Pere |
| 9 (RLIN) |
553 |
| 245 10 - MENCIÓN DE TÍTULO |
| Título |
Dibuixos de guerra a L'Esquella de la Torratxa |
| Mención de responsabilidad, etc. |
Kalders i Tísner ; recull, pròleg i comentaris: Lluís Solà i Dachs |
| 250 ## - MENCIÓN DE EDICIÓN |
| Mención de edición |
2a ed. |
| 260 ## - PUBLICACIÓN, DISTRIBUCIÓN, ETC. (PIE DE IMPRENTA) |
| Lugar de publicación, distribución, etc. |
Barcelona |
| Fecha de publicación, distribución, etc. |
1991 |
| Nombre del editor, distribuidor, etc. |
La Campana |
| 300 ## - DESCRIPCIÓN FÍSICA |
| Extensión |
124 p. ; |
| Dimensiones |
20 cm |
| 490 0# - MENCIÓN DE SERIE |
| Mención de serie |
La Campana |
| Designación de volumen o secuencia |
39 |
| 490 0# - MENCIÓN DE SERIE |
| Mención de serie |
Humor i Sàtira |
| Designación de volumen o secuencia |
8 |
| 650 4# - PUNTO DE ACCESO ADICIONAL DE MATERIA - TÉRMINO DE MATERIA |
| 9 (RLIN) |
3084 |
| Término de materia o nombre geográfico como elemento inicial |
Humorisme gràfic |
| Subdivisión cronológica |
1936-1939 |
| 700 1# - PUNTO DE ACCESO ADICIONAL - NOMBRE DE PERSONA |
| 9 (RLIN) |
2923 |
| Nombre de persona |
Artís-Gener, Avel·lí |
| Fechas asociadas al nombre |
1912-2000 |
| 700 1# - PUNTO DE ACCESO ADICIONAL - NOMBRE DE PERSONA |
| 9 (RLIN) |
555 |
| Nombre de persona |
Solà i Dachs, Lluís |
| 942 ## - ENTRADA DE ELEMENTOS AGREGADOS (KOHA) |
| Koha [por defecto] tipo de item |
Monografies |
| Fuente de clasificaión o esquema |
|